000 00379nam a2200133Ia 4500
008 190925s9999 xx 000 0 und d
020 _a9.781840922e+012
100 _aStacey, Jenny
245 _cJenny Stacey.--
_aSteam Cuisine /
260 _aLondon :
_bApple Press
_c1999
300 _a128 pages :
_bcolored pictures
500 _aInclude index.
650 _aSteaming (Cooking)
999 _c362215
_d362215